000 00563 a2200205 4500
001 60405
005 20260407155855.0
008 260407a1997 arg spa d
003 AR-UNSa-BCEJYS
040 _aAR-UNSa-BCEJYS
_bspa
_cAR-UNSa-BCEJYS
080 _a82-992
_xDescripción de viajes
245 1 0 _aEl lazarillo de ciegos caminantes
020 _a978-950-04-1780-8
264 1 _aBuenos Aires :
_bEmecé
_c1997
300 _a293 p.
_c22 cm.
041 _aspa
942 _cBK
590 _aniveau_biblio:m niveau_hierar:0
100 1 _aConcolorcorvo, Seud.
999 _c6973
_d6973